Liberation sociology /
Se detalla la Sociología de la Liberación, la cual procura no solamente investigar el mundo, sino cambiarlo en procura de mayores derechos humanos, democracia participativa y justicia social. Se plantean los conceptos principales, los antecedentes históricos desde los autores clásicos como Durkheim,...
保存先:
| 第一著者: | |
|---|---|
| その他の著者: | |
| フォーマット: | 不明 |
| 言語: | English |
| 出版事項: |
Colorado :
Paradigm Publisher,
|
| 版: | 2 |
| 主題: | |
| タグ: |
タグ追加
タグなし, このレコードへの初めてのタグを付けませんか!
|
MARC
| LEADER | 00000 a2200000 04500 | ||
|---|---|---|---|
| 001 | 40038 | ||
| 003 | cru CIDCACS/IIS | ||
| 005 | 20170929115757.0 | ||
| 008 | 050630s2008 cou eng d | ||
| 999 | |c 6292 |d 6292 | ||
| 020 | |a 978-1-59451-605-4 | ||
| 040 | |c CIDCACS/IIS | ||
| 090 | |a 05.03.04 F288l | ||
| 100 | |a Feagin, Joe R. | ||
| 245 | |a Liberation sociology / |c Joe R. Feagin | ||
| 250 | |a 2 | ||
| 260 | |a Colorado : |b Paradigm Publisher, | ||
| 300 | |a 306 páginas | ||
| 500 | |a Colección Cambio Social donada por Paul Almeida | ||
| 520 | |a Se detalla la Sociología de la Liberación, la cual procura no solamente investigar el mundo, sino cambiarlo en procura de mayores derechos humanos, democracia participativa y justicia social. Se plantean los conceptos principales, los antecedentes históricos desde los autores clásicos como Durkheim, pasando por la sociología estadounidense, hasta llegar a la crisis actual derivada de la visión positivista de la disciplina. Se describen diversos casos de aplicación de la Sociología de la Liberación, sus métodos para la investigación, teorización y enseñanza, y se plantean diversas perspectivas futuras de esta visión. | ||
| 590 | |a DISEMINAR072010 |a DISEMINAR072010/EFU/SETIEMBRE2010 | ||
| 650 | |a SOCIOLOGIA | ||
| 650 | |a TEORIA CRITICA | ||
| 650 | |a ESTADOS UNIDOS | ||
| 650 | |a TEORIA | ||
| 700 | |a Vera, Hernán | ||
| 942 | |2 ddc |c LI | ||



